| 000 | 00726nam a2200121Ia 4500 | ||
|---|---|---|---|
| 008 | 220615s9999||||xx |||||||||||||| ||und|| | ||
| 100 | _aWiese, Frank,||Reich, Mike,||Arp, Gernot, | ||
| 245 | 0 | _a"Spongy, slimy, cosy & more" - Commemorative Volume in Celebration of the 60th Birthday of Joachim Reitner | |
| 546 | _aEnglish[eng] | ||
| 650 | _ageobiology||geology||palaeontology.||Anatomical terms of location||Fossil||Sponge | ||
| 856 | _uhttps://library.oapen.org/bitstream/20.500.12657/31852/1/624632.pdf||https://library.oapen.org/bitstream/20.500.12657/31852/1/624632.pdf||https://library.oapen.org/bitstream/20.500.12657/31852/1/624632.pdf||https://library.oapen.org/bitstream/20.500.12657/31852/1/624632.pdf | ||
| 942 | _cEB | ||
| 999 |
_c18162 _d18162 |
||